000 00743nam a2200217Ii 4500
003 JO-AjNU
008 230605s9999||||xx |||||||||||||| ||und||
017 _a2015/9/4621
040 _aJO-AjNU
_bara
_erda
_cJO-AjNU
041 _aara
050 1 4 _aJF801.B454.2015
100 3 _aتأليف بيلامي، ريتشارد ؛ ترجمة رماح ناجي ,
_eauthor
_952131
245 0 0 _aالمواطنة : مقدمة قصيرة جدا
264 3 1 _aعمان : المركز الثقافي العربي ، 2015
300 _a184ص
336 _atext
_btxt
_2rdacontent
337 _aunmediated
_bn
_2rdamedia
338 _avolume
_bnc
_2rdacarrier
490 0 _aسلسلة الثقافة المدنية 3
650 4 _aالمواطنة
_952132
999 _aA23074
_c26642
_d26642